000 01733nam a2200301 4500
003 EC-UNACH
005 20251028140820.0
006 s||||gr|||| 00| 00
008 150116t9999 mx r gr 000 0 spa d
020 _a9978-45-345-8
040 _aEC-UNACH
_cEC-UNACH
041 _aspa
082 0 4 _223
_a348.02
_bL017909
110 _aMilenium Publicidad
245 _aAproximaciones al origen del derecho ambiental el derecho genético , la biotecnología los transgénicos y su relación con los derechos humanos
250 _aPrimera edición
264 _aEcuador
_bMilenium Publicidad
_c2006
300 _a358
505 _a- Capitulo 1- Origen histórico del medio ambiente , el derecho ambiental y los derechos humanos - -Capitulo 2- Antecedentes históricos del medio ambiente en la colonia, hasta nuestro días - - Capitulo 3- Principios jurídicos en algunas legislaciones sobre el medio ambiente y el derecho ambiental y su relación con los derechos humanos - - Capitulo 4- La biotecnología , los alimentos transgénicos , el derecho genético y su relación con el derecho ambiental y los derechos humanos - -Capitulo 5- Origen de los recursos naturales , la ley de gestión ambiental ley orgánica del régimen municipal y la doctrina del medio ambiente en Ecuador - - Capítulo 6- De los recursos de protección al medio ambiente y de las acciones judiciales por daños ambientales
650 _9Conceptos de medio ambiente
650 _aPrincipios de medio ambiente
650 _aOrigen de los recursos naturales
700 _aDr Enrique Mármol Palacios Msc.
942 _2ddc
_c1
999 _c14107